000 00258nam a22001217a 4500
008 170412b xxu||||| |||| 00| 0 eng d
041 _aeng
080 _a612.39
100 _a10
101 _aSHM
245 _aBEST-EVER COOKIS
_cWARD, P.A
942 _2udc
_cBK
999 _c10504
_d10504